| 000 | 00436nam a2200181Ia 4500 | ||
|---|---|---|---|
| 005 | 20240823044832.0 | ||
| 008 | 240823s9999||||xx |||||||||||||| ||und|| | ||
| 041 | _aENGLISH | ||
| 082 | _A332.041 N3 | ||
| 100 | _aAgaarwal S.P. | ||
| 245 | 0 | _aCapital Structure of Cement Industry | |
| 250 | _a1st | ||
| 260 |
_c1993 _b"Nirmal,Delhi" |
||
| 500 | _aYES | ||
| 650 |
_aManagement _bManagement Studies |
||
| 942 | _cBK | ||
| 999 |
_c213543 _d213543 |
||